00485nam a2200157Ia 450000500170000000800410001708200130005810000220007124500290009326000440012230000130016665000310017994200060021095200960021699900150031220250701012603.0240331s9999 xx 000 0 und d bDHAa891 aDharmawardena,W.F 0aSinhala padya sangrahaya aNugogodabM.D..Gunasena Book & Coc1952 a56 p ., aSinhala Poetry Collecetion cL 001040708LaWERCLbWERCLcSSCd2024-03-31l0o 89148 DHAp889r2024-03-31w2024-03-31yL c4866d4866